000 01516cam a22004214a 4500
001 15236439
003 ASAB
005 20180827062622.0
008 080305s2008 ii a b 011 0 eng
010 _a 2008348295
020 _a81-8189-227-5
020 _a8181892275
025 _aI-E-2008-348295; 49-91
035 _a(IN-NdUBS)UBS08000638
037 _bLibrary of Congress -- New Delhi Overseas Office
_cRs1750.00
040 _aDLC
_cASAB
_dDLC
042 _alcode
043 _aa-ii---
050 0 0 _aS494.5.A45
_bE56 2008
245 0 0 _aEnvironment, agroforestry & livestock management /
_ceditors, S.S. Kundu ... [et al.].
246 3 _aEnvironment, agroforestry, and livestock management
250 _a1st ed.
260 _aLucknow :
_bInternational Book Distributing Co.,
_c2008.
300 _axxiii, 700 p. :
_bill. (some col.) ;
_c25 cm.
500 _aFelicitation volume in honor of P.S. Pathak.
504 _aIncludes bibliographical references and index.
520 _aContributed articles with reference to India.
650 0 _aAgroforestry
_zIndia.
_91620
650 0 _aRange management
_zIndia.
_91621
650 0 _aLivestock
_zIndia.
_91622
650 0 _aNatural resources
_zIndia
_xManagement.
_91623
700 1 _aKundu, S. S.
_91624
700 1 _aPathak, P. S.
_91625
856 4 1 _3Table of contents only
_uhttp://www.loc.gov/catdir/toc/fy0905/2008348295.html
906 _a7
_bcbc
_corigode
_d3
_encip
_f20
_gy-gencatlg
942 _2ddc
_cBK
999 _c480034
_d480034